đź“– 150 premiers mots "Madame Bovary" Gustave Flaubert - Statistiques

Statistiques générales
  • Ce quiz a Ă©tĂ© pris 134 fois
  • Le rĂ©sultat moyen est 66 sur 150
Statistiques - réponses
Mots % Correct
Ă 
95%
l'
95%
et
91%
d'
84%
le
84%
Le
84%
- Monsieur
83%
il
76%
Il
76%
de
73%
la
72%
Nous
72%
nous
72%
un
72%
en
70%
qu'
70%
Roger,
69%
je
67%
les
60%
sa
60%
étions
59%
une
58%
se
56%
quand
55%
que
54%
son
52%
oĂą
49%
qui
49%
dans
45%
'dans
45%
étude,
45%
on
45%
Si
45%
si
45%
vous
43%
était
42%
avait
40%
dit-
39%
sur
39%
garçon
35%
grand
34%
lui
34%
'nouveau'
33%
entra,
31%
comme
30%
plus
30%
Proviseur
29%
tous.
29%
classe
27%
élève
26%
puis,
26%
maître
25%
entre
24%
campagne,
22%
âge.
21%
aucun
21%
habillé
21%
village,
21%
bien
20%
cheveux
19%
sont
19%
suivi
19%
vers
19%
air
18%
bourgeois
18%
grands',
17%
haut
17%
portait
16%
pupitre.
15%
appelle
14%
fit
14%
voici
14%
Ceux
13%
taille
13%
voix,
13%
années
12%
front,
12%
cinquième.
11%
gars
11%
leva
11%
travail.
11%
travail
11%
chacun
10%
demi-
10%
droit
10%
études :
10%
porte,
10%
rasseoir ;
10%
recommande,
10%
signe
10%
conduite
9%
coupés
9%
derrière
9%
passera
9%
quinzaine
9%
dormaient
8%
environ,
8%
méritoires,
8%
réveillèrent,
8%
surpris
8%
tournant
7%
peine,
6%
chantre
5%
Resté
5%
angle,
4%
apercevait
4%
raisonnable ...
4%
Aucun quiz correspondant
Distribution des résultats
% des personnes avec chaque résultat
Percentile par nombre de réponses
Votre historique - résultats
Vous n’avez pas pris ce quiz